00607nam a2200169 a 4500008004100000020001800041050001400059110001500073245008500088260006800173300002000241350001000261650002800271650004600299650004500345650004700390160421s2009 ||||||||||||||||| || u a9780821377994 aHD 82 Wor aWorld Bank10aGlobal economic prospects 2009: commodities at the crossroadscBy The World Bank aWashington D.CbThe International Bank for Reconstructionc2009 axv, 180p.: ill. a86.73 aECONOMIC HISTORY--1990- aINTERNATIONAL ECONOMIC RELATIONS--HISTORY aECONOMIC PROSPECTS--DEVELOPING COUNTRIES 0aECONOMIC FORECASTING--DEVELOPING COUNTRIES